| 000 | 01036 a2200253 4500 | ||
|---|---|---|---|
| 005 | 20080819155559.0 | ||
| 008 | 080819t xxu||||| |||| 00| 0 eng d | ||
| 010 | _aENG-84757 | ||
| 020 |
_a8189013017 _c495.00 |
||
| 035 | _aEN-68290 | ||
| 037 | _bD.B.Act / Pub | ||
| 040 |
_adpl _bEnglish |
||
| 082 | _a305.5 | ||
| 100 | _aRege, Sharmila. | ||
| 245 |
_aWriting caste/writing gender : _breading Dalit women's testimonios _cSharmila Rege. |
||
| 260 |
_aNew Delhi _bZubaan, _c2006. |
||
| 270 |
_aK-92, Ist Floor, Hauz Khas Enclave _bNew Delhi _cDelhi _e110016 _mzubaanwbooks@vsnl.net |
||
| 300 |
_axiv, 388 p. : _bill. ; _c22 cm. (Hb) |
||
| 520 | _aStudy on the autobiographies of Dalit women from Maharashtra, India. | ||
| 650 |
_aPoor women _zIndia _zMaharashtra |
||
| 650 |
_aDalits _zIndia _zMaharashtra |
||
| 942 |
_adpl _cEN _k305.5 / RAG _2ddc _h305.5 _mRAG |
||
| 999 |
_c310 _d310 |
||